| Tag |
First Indicator |
Second Indicator |
Subfields |
| LEADER |
00000cam a2200000 a 4500 |
| 001 |
in00001003549 |
| 005 |
20150927184710.0 |
| 008 |
810925s1928 dcuab f00010 eng d |
| 010 |
|
|
|a agr29000540
|
| 035 |
|
|
|a (OCoLC)07794479
|
| 035 |
|
|
|9 AEZ6933AM
|
| 040 |
|
|
|a SDH
|c SDH
|d TXA
|d UtOrBLW
|
| 049 |
|
|
|a TXA1 [DYKS]
|
| 090 |
|
|
|a S599.S8
|b M151 1928
|
| 100 |
1 |
|
|a Machlis, Joseph Arthur.
|
| 245 |
1 |
0 |
|a Soil survey, Walworth county, South Dakota /
|c by J. A. Machlis and G. A. Larson.
|
| 264 |
|
1 |
|a Washington DC :
|b Government Printing Office,
|c 1928.
|
| 300 |
|
|
|a p.1095-1121 :
|b maps ;
|c 24cm.
|
| 336 |
|
|
|a text
|b txt
|2 rdacontent
|
| 337 |
|
|
|a unmediated
|b n
|2 rdamedia
|
| 338 |
|
|
|a volume
|b nc
|2 rdacarrier
|
| 490 |
0 |
|
|a U. S. Dept. of agriculture. Bureau of chemistry & soils. Soil survey report, series 1923, no. 33
|
| 500 |
|
|
|a At head of title: United States Department of Agriculture. Bureau of chemistry and soils. In cooperation with the South Dakota agricultural experiment station.
|
| 650 |
|
0 |
|a Soil surveys.
|
| 650 |
|
0 |
|a Soils
|z South Dakota.
|
| 700 |
1 |
|
|a Larson, Guy A.
|
| 999 |
|
|
|a MARS
|
| 999 |
f |
f |
|s 7bc8e417-623a-3da7-a668-f91343f8eb69
|i da0a8975-9320-32af-88b0-e74c49272351
|t 0
|
| 952 |
f |
f |
|p noncirc
|a Texas A&M University
|b College Station
|c Cushing Memorial Library & Archives
|d Cushing: Dykes (Does not check out)
|t 0
|e S599.S8 M151 1928
|f Vertical File
|h Library of Congress classification
|i unmediated -- volume
|m A14851868597
|
| 998 |
f |
f |
|a S599.S8 M151 1928
|t 0
|l Cushing: Dykes (Does not check out)
|